000 00538nam a22001937a 4500
001 00028680
005 20260330121338.0
008 260330b ag ||||| |||| 00| 0 spa d
020 _a8431520728
040 _aAR-CcCEOS
_bspa
_cAR-CcCEOS
041 _aspa
080 _a794.1
090 _bRAM
100 1 _aRamini, Natale
_9997
245 _aEl gran libro del ajedrez :
_bcómo aprender a jugar al máximo nivel /
_cNatale Ramini
264 _aBarcelona :
_bVecchi,
_cc2004.
300 _a377 p. ;
_c24x17 cm.
942 _2udc
_cBK
_n0
999 _c28713
_d28713